000 00532nam a2200181Ia 4500
008 151202s9999||||xx |||||||||||||| ||und||
082 _bPNVM-44248
100 _aचिखले सुरेश.
245 _aगोलपीठा.
260 _bसमााी प्रकाशन पुणे.
260 _c2000
300 _a76
600 _aचिखले सुरेश.
630 _aगोलपीठा.
700 _aचिखले सुरेश.
730 _aगोलपीठा.
942 _cBOOK
999 _c1310200
_d1310197